<?xml version="1.0" encoding="UTF-8"?>
<record
    xmlns:xsi="http://www.w3.org/2001/XMLSchema-instance"
    xsi:schemaLocation="http://www.loc.gov/MARC21/slim http://www.loc.gov/standards/marcxml/schema/MARC21slim.xsd"
    xmlns="http://www.loc.gov/MARC21/slim">

  <leader>01095nas a2200289 i 4500</leader>
  <controlfield tag="001">509219</controlfield>
  <controlfield tag="005">20251113105649.0</controlfield>
  <controlfield tag="007">ta</controlfield>
  <controlfield tag="008">890206e2019    dr b  p|co   ||   |ospa ||spa| </controlfield>
  <datafield tag="011" ind1=" " ind2=" ">
    <subfield code="a">2019      </subfield>
  </datafield>
  <datafield tag="040" ind1=" " ind2=" ">
    <subfield code="a">DO-SdBNP</subfield>
    <subfield code="b">spa</subfield>
    <subfield code="c">DO-SdBNP</subfield>
    <subfield code="e">rda</subfield>
  </datafield>
  <datafield tag="041" ind1=" " ind2=" ">
    <subfield code="h">spa</subfield>
  </datafield>
  <datafield tag="110" ind1=" " ind2=" ">
    <subfield code="a">Caormedia</subfield>
    <subfield code="9">88041</subfield>
  </datafield>
  <datafield tag="245" ind1=" " ind2=" ">
    <subfield code="a">Selecta /</subfield>
    <subfield code="c">Caormedia.</subfield>
  </datafield>
  <datafield tag="264" ind1=" " ind2=" ">
    <subfield code="a">San Francisco de Macor&#xED;s, Rep&#xFA;blica Dominicana : </subfield>
    <subfield code="b">Caormedia, </subfield>
    <subfield code="c">2019. </subfield>
  </datafield>
  <datafield tag="300" ind1=" " ind2=" ">
    <subfield code="a">volumen : </subfield>
    <subfield code="b">ilustraciones, fotograf&#xED;as ; </subfield>
    <subfield code="c">23 cm.</subfield>
  </datafield>
  <datafield tag="310" ind1=" " ind2=" ">
    <subfield code="a">Bimestral.</subfield>
  </datafield>
  <datafield tag="336" ind1=" " ind2=" ">
    <subfield code="a">texto</subfield>
    <subfield code="b">txt</subfield>
    <subfield code="2">rdacontent</subfield>
  </datafield>
  <datafield tag="337" ind1=" " ind2=" ">
    <subfield code="a">sin mediaci&#xF3;n </subfield>
    <subfield code="b">n</subfield>
    <subfield code="2">rdamedia</subfield>
  </datafield>
  <datafield tag="338" ind1=" " ind2=" ">
    <subfield code="a">volumen </subfield>
    <subfield code="b">nc</subfield>
    <subfield code="2">rdacarrier</subfield>
  </datafield>
  <datafield tag="362" ind1=" " ind2=" ">
    <subfield code="a">Volumen. N&#xFA;mero: 26, mayo-junio, 2019.</subfield>
  </datafield>
  <datafield tag="500" ind1=" " ind2=" ">
    <subfield code="a">Revista de variedades.</subfield>
  </datafield>
  <datafield tag="520" ind1=" " ind2=" ">
    <subfield code="a">Revista Selecta: es desde el 2015 seleccionando y proyectando a los m&#xE1;s destacados profesionales, emprendedores y talentos del Nordeste.</subfield>
  </datafield>
  <datafield tag="650" ind1=" " ind2="0">
    <subfield code="a">Emprendedurismo</subfield>
    <subfield code="9">88042</subfield>
    <subfield code="v">Publicaciones peri&#xF3;dicas</subfield>
    <subfield code="z">Rep&#xFA;blica Dominicana</subfield>
  </datafield>
  <datafield tag="650" ind1=" " ind2="0">
    <subfield code="a">Liderazgo</subfield>
    <subfield code="v">Publicaciones peri&#xF3;dicas</subfield>
    <subfield code="z">Rep&#xFA;blica Dominicana</subfield>
    <subfield code="9">2140</subfield>
  </datafield>
  <datafield tag="942" ind1=" " ind2=" ">
    <subfield code="c">ISSUE</subfield>
    <subfield code="2">ddc</subfield>
  </datafield>
  <datafield tag="952" ind1=" " ind2=" ">
    <subfield code="0">0</subfield>
    <subfield code="1">0</subfield>
    <subfield code="2">ddc</subfield>
    <subfield code="4">0</subfield>
    <subfield code="5">6</subfield>
    <subfield code="7">0</subfield>
    <subfield code="8">SE</subfield>
    <subfield code="a">BNPHU</subfield>
    <subfield code="b">BNPHU</subfield>
    <subfield code="d">2025-06-10</subfield>
    <subfield code="h">Volumen. N&#xFA;mero: 26, mayo-junio, 2019</subfield>
    <subfield code="l">0</subfield>
    <subfield code="p">2025-5005</subfield>
    <subfield code="r">2025-06-10</subfield>
    <subfield code="t">e.1</subfield>
    <subfield code="w">2025-06-10</subfield>
    <subfield code="y">ISSUE</subfield>
    <subfield code="z">&#xA1;Talento con calidad de exportaci&#xF3;n internacional! </subfield>
  </datafield>
  <datafield tag="952" ind1=" " ind2=" ">
    <subfield code="0">0</subfield>
    <subfield code="1">0</subfield>
    <subfield code="2">ddc</subfield>
    <subfield code="4">0</subfield>
    <subfield code="5">6</subfield>
    <subfield code="7">0</subfield>
    <subfield code="8">SE</subfield>
    <subfield code="a">BNPHU</subfield>
    <subfield code="b">BNPHU</subfield>
    <subfield code="d">2025-06-10</subfield>
    <subfield code="h">Volumen. N&#xFA;mero: 26, mayo-junio, 2019</subfield>
    <subfield code="l">0</subfield>
    <subfield code="p">2025-5006</subfield>
    <subfield code="r">2025-06-10</subfield>
    <subfield code="t">e.2</subfield>
    <subfield code="w">2025-06-10</subfield>
    <subfield code="y">ISSUE</subfield>
    <subfield code="z">&#xA1;Talento con calidad de exportaci&#xF3;n internacional! </subfield>
  </datafield>
  <datafield tag="952" ind1=" " ind2=" ">
    <subfield code="0">0</subfield>
    <subfield code="1">0</subfield>
    <subfield code="2">ddc</subfield>
    <subfield code="4">0</subfield>
    <subfield code="5">6</subfield>
    <subfield code="7">0</subfield>
    <subfield code="8">SE</subfield>
    <subfield code="a">BNPHU</subfield>
    <subfield code="b">BNPHU</subfield>
    <subfield code="d">2025-06-10</subfield>
    <subfield code="h">Volumen. N&#xFA;mero: 26, mayo-junio, 2019</subfield>
    <subfield code="l">0</subfield>
    <subfield code="p">2025-5007</subfield>
    <subfield code="r">2025-06-10</subfield>
    <subfield code="t">e.3</subfield>
    <subfield code="w">2025-06-10</subfield>
    <subfield code="y">ISSUE</subfield>
    <subfield code="z">&#xA1;Talento con calidad de exportaci&#xF3;n internacional! </subfield>
  </datafield>
  <datafield tag="952" ind1=" " ind2=" ">
    <subfield code="0">0</subfield>
    <subfield code="1">0</subfield>
    <subfield code="2">ddc</subfield>
    <subfield code="4">0</subfield>
    <subfield code="5">6</subfield>
    <subfield code="7">0</subfield>
    <subfield code="8">SE</subfield>
    <subfield code="a">BNPHU</subfield>
    <subfield code="b">BNPHU</subfield>
    <subfield code="d">2025-06-10</subfield>
    <subfield code="h">Volumen. N&#xFA;mero: 27, agosto-septiembre, 2019</subfield>
    <subfield code="l">0</subfield>
    <subfield code="p">2025-5008</subfield>
    <subfield code="r">2025-06-10</subfield>
    <subfield code="t">e.1</subfield>
    <subfield code="w">2025-06-10</subfield>
    <subfield code="y">ISSUE</subfield>
    <subfield code="z">Nos cuenta las &#xFA;ltimas tendencias sobre cirug&#xED;a pl&#xE1;stica facial.</subfield>
  </datafield>
  <datafield tag="952" ind1=" " ind2=" ">
    <subfield code="0">0</subfield>
    <subfield code="1">0</subfield>
    <subfield code="2">ddc</subfield>
    <subfield code="4">0</subfield>
    <subfield code="5">6</subfield>
    <subfield code="7">0</subfield>
    <subfield code="8">SE</subfield>
    <subfield code="a">BNPHU</subfield>
    <subfield code="b">BNPHU</subfield>
    <subfield code="d">2025-06-10</subfield>
    <subfield code="h">Volumen. N&#xFA;mero: 27, agosto-septiembre, 2019</subfield>
    <subfield code="l">0</subfield>
    <subfield code="p">2025-5009</subfield>
    <subfield code="r">2025-06-10</subfield>
    <subfield code="t">e.2</subfield>
    <subfield code="w">2025-06-10</subfield>
    <subfield code="y">ISSUE</subfield>
    <subfield code="z">Nos cuenta las &#xFA;ltimas tendencias sobre cirug&#xED;a pl&#xE1;stica facial.</subfield>
  </datafield>
  <datafield tag="952" ind1=" " ind2=" ">
    <subfield code="0">0</subfield>
    <subfield code="1">0</subfield>
    <subfield code="2">ddc</subfield>
    <subfield code="4">0</subfield>
    <subfield code="5">6</subfield>
    <subfield code="7">0</subfield>
    <subfield code="8">SE</subfield>
    <subfield code="a">BNPHU</subfield>
    <subfield code="b">BNPHU</subfield>
    <subfield code="d">2025-06-10</subfield>
    <subfield code="h">Volumen. N&#xFA;mero: 27, agosto-septiembre, 2019</subfield>
    <subfield code="l">0</subfield>
    <subfield code="p">2025-5010</subfield>
    <subfield code="r">2025-06-10</subfield>
    <subfield code="t">e.3</subfield>
    <subfield code="w">2025-06-10</subfield>
    <subfield code="y">ISSUE</subfield>
    <subfield code="z">Nos cuenta las &#xFA;ltimas tendencias sobre cirug&#xED;a pl&#xE1;stica facial.</subfield>
  </datafield>
  <datafield tag="952" ind1=" " ind2=" ">
    <subfield code="0">0</subfield>
    <subfield code="1">0</subfield>
    <subfield code="2">ddc</subfield>
    <subfield code="4">0</subfield>
    <subfield code="5">6</subfield>
    <subfield code="7">0</subfield>
    <subfield code="8">SE</subfield>
    <subfield code="a">BNPHU</subfield>
    <subfield code="b">BNPHU</subfield>
    <subfield code="d">2025-06-10</subfield>
    <subfield code="h">Volumen. N&#xFA;mero: 28, octubre-noviembre, 2019</subfield>
    <subfield code="l">0</subfield>
    <subfield code="p">2025-5011</subfield>
    <subfield code="r">2025-06-10</subfield>
    <subfield code="t">e.1</subfield>
    <subfield code="w">2025-06-10</subfield>
    <subfield code="y">ISSUE</subfield>
    <subfield code="z">Tumores de cabeza y cuello.</subfield>
  </datafield>
  <datafield tag="952" ind1=" " ind2=" ">
    <subfield code="0">0</subfield>
    <subfield code="1">0</subfield>
    <subfield code="2">ddc</subfield>
    <subfield code="4">0</subfield>
    <subfield code="5">6</subfield>
    <subfield code="7">0</subfield>
    <subfield code="8">SE</subfield>
    <subfield code="a">BNPHU</subfield>
    <subfield code="b">BNPHU</subfield>
    <subfield code="d">2025-06-10</subfield>
    <subfield code="h">Volumen. N&#xFA;mero: 28, octubre-noviembre, 2019</subfield>
    <subfield code="l">0</subfield>
    <subfield code="p">2025-5012</subfield>
    <subfield code="r">2025-06-10</subfield>
    <subfield code="t">e.2</subfield>
    <subfield code="w">2025-06-10</subfield>
    <subfield code="y">ISSUE</subfield>
    <subfield code="z">Tumores de cabeza y cuello.</subfield>
  </datafield>
  <datafield tag="952" ind1=" " ind2=" ">
    <subfield code="0">0</subfield>
    <subfield code="1">0</subfield>
    <subfield code="2">ddc</subfield>
    <subfield code="4">0</subfield>
    <subfield code="5">6</subfield>
    <subfield code="7">0</subfield>
    <subfield code="8">SE</subfield>
    <subfield code="a">BNPHU</subfield>
    <subfield code="b">BNPHU</subfield>
    <subfield code="d">2025-06-10</subfield>
    <subfield code="h">Volumen. N&#xFA;mero: 28, octubre-noviembre, 2019</subfield>
    <subfield code="l">0</subfield>
    <subfield code="p">2025-5013</subfield>
    <subfield code="r">2025-06-10</subfield>
    <subfield code="t">e.3</subfield>
    <subfield code="w">2025-06-10</subfield>
    <subfield code="y">ISSUE</subfield>
    <subfield code="z">Tumores de cabeza y cuello.</subfield>
  </datafield>
  <datafield tag="952" ind1=" " ind2=" ">
    <subfield code="0">0</subfield>
    <subfield code="1">0</subfield>
    <subfield code="2">ddc</subfield>
    <subfield code="4">0</subfield>
    <subfield code="5">6</subfield>
    <subfield code="7">0</subfield>
    <subfield code="8">SE</subfield>
    <subfield code="a">BNPHU</subfield>
    <subfield code="b">BNPHU</subfield>
    <subfield code="d">2025-06-10</subfield>
    <subfield code="h">Volumen. N&#xFA;mero: 29, enero-febrero, 2020</subfield>
    <subfield code="l">0</subfield>
    <subfield code="p">2025-5014</subfield>
    <subfield code="r">2025-06-10</subfield>
    <subfield code="t">e.1</subfield>
    <subfield code="w">2025-06-10</subfield>
    <subfield code="y">ISSUE</subfield>
    <subfield code="z">Protagonistas de la profesi&#xF3;n del momento.</subfield>
  </datafield>
  <datafield tag="952" ind1=" " ind2=" ">
    <subfield code="0">0</subfield>
    <subfield code="1">0</subfield>
    <subfield code="2">ddc</subfield>
    <subfield code="4">0</subfield>
    <subfield code="5">6</subfield>
    <subfield code="7">0</subfield>
    <subfield code="8">SE</subfield>
    <subfield code="a">BNPHU</subfield>
    <subfield code="b">BNPHU</subfield>
    <subfield code="d">2025-06-10</subfield>
    <subfield code="h">Volumen. N&#xFA;mero: 29, enero-febrero, 2020</subfield>
    <subfield code="l">0</subfield>
    <subfield code="p">2025-5015</subfield>
    <subfield code="r">2025-06-10</subfield>
    <subfield code="t">e.2</subfield>
    <subfield code="w">2025-06-10</subfield>
    <subfield code="y">ISSUE</subfield>
    <subfield code="z">Protagonistas de la profesi&#xF3;n del momento.</subfield>
  </datafield>
  <datafield tag="952" ind1=" " ind2=" ">
    <subfield code="0">0</subfield>
    <subfield code="1">0</subfield>
    <subfield code="2">ddc</subfield>
    <subfield code="4">0</subfield>
    <subfield code="5">6</subfield>
    <subfield code="7">0</subfield>
    <subfield code="8">SE</subfield>
    <subfield code="a">BNPHU</subfield>
    <subfield code="b">BNPHU</subfield>
    <subfield code="d">2025-06-10</subfield>
    <subfield code="h">Volumen. N&#xFA;mero: 29, enero-febrero, 2020</subfield>
    <subfield code="l">0</subfield>
    <subfield code="p">2025-5016</subfield>
    <subfield code="r">2025-06-10</subfield>
    <subfield code="t">e.3</subfield>
    <subfield code="w">2025-06-10</subfield>
    <subfield code="y">ISSUE</subfield>
    <subfield code="z">Protagonistas de la profesi&#xF3;n del momento.</subfield>
  </datafield>
  <datafield tag="952" ind1=" " ind2=" ">
    <subfield code="0">0</subfield>
    <subfield code="1">0</subfield>
    <subfield code="2">ddc</subfield>
    <subfield code="4">0</subfield>
    <subfield code="5">6</subfield>
    <subfield code="7">0</subfield>
    <subfield code="8">SE</subfield>
    <subfield code="a">BNPHU</subfield>
    <subfield code="b">BNPHU</subfield>
    <subfield code="d">2025-06-10</subfield>
    <subfield code="h">Volumen. N&#xFA;mero: 30, julio-agosto, 2020</subfield>
    <subfield code="l">0</subfield>
    <subfield code="p">2025-5017</subfield>
    <subfield code="r">2025-06-10</subfield>
    <subfield code="t">e.1</subfield>
    <subfield code="w">2025-06-10</subfield>
    <subfield code="y">ISSUE</subfield>
    <subfield code="z">El lado paternal del presidente de la Sociedad Dominicana de Urolog&#xED;a Filial Norte. </subfield>
  </datafield>
  <datafield tag="952" ind1=" " ind2=" ">
    <subfield code="0">0</subfield>
    <subfield code="1">0</subfield>
    <subfield code="2">ddc</subfield>
    <subfield code="4">0</subfield>
    <subfield code="5">6</subfield>
    <subfield code="7">0</subfield>
    <subfield code="8">SE</subfield>
    <subfield code="a">BNPHU</subfield>
    <subfield code="b">BNPHU</subfield>
    <subfield code="d">2025-06-10</subfield>
    <subfield code="h">Volumen. N&#xFA;mero: 30, julio-agosto, 2020</subfield>
    <subfield code="l">0</subfield>
    <subfield code="p">2025-5019</subfield>
    <subfield code="r">2025-06-10</subfield>
    <subfield code="t">e.2</subfield>
    <subfield code="w">2025-06-10</subfield>
    <subfield code="y">ISSUE</subfield>
    <subfield code="z">El lado paternal del presidente de la Sociedad Dominicana de Urolog&#xED;a Filial Norte. </subfield>
  </datafield>
  <datafield tag="952" ind1=" " ind2=" ">
    <subfield code="0">0</subfield>
    <subfield code="1">0</subfield>
    <subfield code="2">ddc</subfield>
    <subfield code="4">0</subfield>
    <subfield code="5">6</subfield>
    <subfield code="7">0</subfield>
    <subfield code="8">SE</subfield>
    <subfield code="a">BNPHU</subfield>
    <subfield code="b">BNPHU</subfield>
    <subfield code="d">2025-06-10</subfield>
    <subfield code="h">Volumen. N&#xFA;mero: 30, julio-agosto, 2020</subfield>
    <subfield code="l">0</subfield>
    <subfield code="p">2025-5020</subfield>
    <subfield code="r">2025-06-10</subfield>
    <subfield code="t">e.3</subfield>
    <subfield code="w">2025-06-10</subfield>
    <subfield code="y">ISSUE</subfield>
    <subfield code="z">El lado paternal del presidente de la Sociedad Dominicana de Urolog&#xED;a Filial Norte. </subfield>
  </datafield>
  <datafield tag="952" ind1=" " ind2=" ">
    <subfield code="0">0</subfield>
    <subfield code="1">0</subfield>
    <subfield code="2">ddc</subfield>
    <subfield code="4">0</subfield>
    <subfield code="5">6</subfield>
    <subfield code="7">0</subfield>
    <subfield code="8">SE</subfield>
    <subfield code="a">BNPHU</subfield>
    <subfield code="b">BNPHU</subfield>
    <subfield code="d">2025-06-10</subfield>
    <subfield code="h">Volumen. N&#xFA;mero: 31, septiembre-octubre, 2020</subfield>
    <subfield code="l">0</subfield>
    <subfield code="p">2025-5021</subfield>
    <subfield code="r">2025-06-10</subfield>
    <subfield code="t">e.1</subfield>
    <subfield code="w">2025-06-10</subfield>
    <subfield code="y">ISSUE</subfield>
    <subfield code="z">Vascular perif&#xE9;rico y pionero en cirug&#xED;a cardiotor&#xE1;cica en la region del Nordeste. </subfield>
  </datafield>
  <datafield tag="952" ind1=" " ind2=" ">
    <subfield code="0">0</subfield>
    <subfield code="1">0</subfield>
    <subfield code="2">ddc</subfield>
    <subfield code="4">0</subfield>
    <subfield code="5">6</subfield>
    <subfield code="7">0</subfield>
    <subfield code="8">SE</subfield>
    <subfield code="a">BNPHU</subfield>
    <subfield code="b">BNPHU</subfield>
    <subfield code="d">2025-06-10</subfield>
    <subfield code="h">Volumen. N&#xFA;mero: 31, septiembre-octubre, 2020</subfield>
    <subfield code="l">0</subfield>
    <subfield code="p">2025-5022</subfield>
    <subfield code="r">2025-06-10</subfield>
    <subfield code="t">e.2</subfield>
    <subfield code="w">2025-06-10</subfield>
    <subfield code="y">ISSUE</subfield>
    <subfield code="z">Vascular perif&#xE9;rico y pionero en cirug&#xED;a cardiotor&#xE1;cica en la region del Nordeste. </subfield>
  </datafield>
  <datafield tag="952" ind1=" " ind2=" ">
    <subfield code="0">0</subfield>
    <subfield code="1">0</subfield>
    <subfield code="2">ddc</subfield>
    <subfield code="4">0</subfield>
    <subfield code="5">6</subfield>
    <subfield code="7">0</subfield>
    <subfield code="8">SE</subfield>
    <subfield code="a">BNPHU</subfield>
    <subfield code="b">BNPHU</subfield>
    <subfield code="d">2025-06-10</subfield>
    <subfield code="h">Volumen. N&#xFA;mero: 31, septiembre-octubre, 2020</subfield>
    <subfield code="l">0</subfield>
    <subfield code="p">2025-5023</subfield>
    <subfield code="r">2025-06-10</subfield>
    <subfield code="t">e.3</subfield>
    <subfield code="w">2025-06-10</subfield>
    <subfield code="y">ISSUE</subfield>
    <subfield code="z">Vascular perif&#xE9;rico y pionero en cirug&#xED;a cardiotor&#xE1;cica en la region del Nordeste. </subfield>
  </datafield>
  <datafield tag="952" ind1=" " ind2=" ">
    <subfield code="0">0</subfield>
    <subfield code="1">0</subfield>
    <subfield code="2">ddc</subfield>
    <subfield code="4">0</subfield>
    <subfield code="5">6</subfield>
    <subfield code="7">0</subfield>
    <subfield code="8">SE</subfield>
    <subfield code="a">BNPHU</subfield>
    <subfield code="b">BNPHU</subfield>
    <subfield code="d">2025-06-10</subfield>
    <subfield code="h">Volumen. N&#xFA;mero: 32, diciembre-enero, 2021</subfield>
    <subfield code="l">0</subfield>
    <subfield code="p">2025-5024</subfield>
    <subfield code="r">2025-06-10</subfield>
    <subfield code="t">e.1</subfield>
    <subfield code="w">2025-06-10</subfield>
    <subfield code="y">ISSUE</subfield>
    <subfield code="z">G&#xE9;nesis Herrera, Paola Paulino y Carmen Yoel Ure&#xF1;a.</subfield>
  </datafield>
  <datafield tag="952" ind1=" " ind2=" ">
    <subfield code="0">0</subfield>
    <subfield code="1">0</subfield>
    <subfield code="2">ddc</subfield>
    <subfield code="4">0</subfield>
    <subfield code="5">6</subfield>
    <subfield code="7">0</subfield>
    <subfield code="8">SE</subfield>
    <subfield code="a">BNPHU</subfield>
    <subfield code="b">BNPHU</subfield>
    <subfield code="d">2025-06-10</subfield>
    <subfield code="h">Volumen. N&#xFA;mero: 32, diciembre-enero, 2021</subfield>
    <subfield code="l">0</subfield>
    <subfield code="p">2025-5025</subfield>
    <subfield code="r">2025-06-10</subfield>
    <subfield code="t">e.2</subfield>
    <subfield code="w">2025-06-10</subfield>
    <subfield code="y">ISSUE</subfield>
    <subfield code="z">G&#xE9;nesis Herrera, Paola Paulino y Carmen Yoel Ure&#xF1;a.</subfield>
  </datafield>
  <datafield tag="952" ind1=" " ind2=" ">
    <subfield code="0">0</subfield>
    <subfield code="1">0</subfield>
    <subfield code="2">ddc</subfield>
    <subfield code="4">0</subfield>
    <subfield code="5">6</subfield>
    <subfield code="7">0</subfield>
    <subfield code="8">SE</subfield>
    <subfield code="a">BNPHU</subfield>
    <subfield code="b">BNPHU</subfield>
    <subfield code="d">2025-06-10</subfield>
    <subfield code="h">Volumen. N&#xFA;mero: 32, diciembre-enero, 2021</subfield>
    <subfield code="l">0</subfield>
    <subfield code="p">2025-5026</subfield>
    <subfield code="r">2025-06-10</subfield>
    <subfield code="t">e.3</subfield>
    <subfield code="w">2025-06-10</subfield>
    <subfield code="y">ISSUE</subfield>
    <subfield code="z">G&#xE9;nesis Herrera, Paola Paulino y Carmen Yoel Ure&#xF1;a.</subfield>
  </datafield>
  <datafield tag="952" ind1=" " ind2=" ">
    <subfield code="0">0</subfield>
    <subfield code="1">0</subfield>
    <subfield code="2">ddc</subfield>
    <subfield code="4">0</subfield>
    <subfield code="5">6</subfield>
    <subfield code="7">0</subfield>
    <subfield code="8">SE</subfield>
    <subfield code="a">BNPHU</subfield>
    <subfield code="b">BNPHU</subfield>
    <subfield code="d">2025-06-10</subfield>
    <subfield code="h">Volumen. N&#xFA;mero: 33, mayo-junio, 2021</subfield>
    <subfield code="l">0</subfield>
    <subfield code="p">2025-5027</subfield>
    <subfield code="r">2025-06-10</subfield>
    <subfield code="t">e.1</subfield>
    <subfield code="w">2025-06-10</subfield>
    <subfield code="y">ISSUE</subfield>
    <subfield code="z">Especial Madres.</subfield>
  </datafield>
  <datafield tag="952" ind1=" " ind2=" ">
    <subfield code="0">0</subfield>
    <subfield code="1">0</subfield>
    <subfield code="2">ddc</subfield>
    <subfield code="4">0</subfield>
    <subfield code="5">6</subfield>
    <subfield code="7">0</subfield>
    <subfield code="8">SE</subfield>
    <subfield code="a">BNPHU</subfield>
    <subfield code="b">BNPHU</subfield>
    <subfield code="d">2025-06-10</subfield>
    <subfield code="h">Volumen. N&#xFA;mero: 33, mayo-junio, 2021</subfield>
    <subfield code="l">0</subfield>
    <subfield code="p">2025-5028</subfield>
    <subfield code="r">2025-06-10</subfield>
    <subfield code="t">e.2</subfield>
    <subfield code="w">2025-06-10</subfield>
    <subfield code="y">ISSUE</subfield>
    <subfield code="z">Especial Madres.</subfield>
  </datafield>
  <datafield tag="952" ind1=" " ind2=" ">
    <subfield code="0">0</subfield>
    <subfield code="1">0</subfield>
    <subfield code="2">ddc</subfield>
    <subfield code="4">0</subfield>
    <subfield code="5">6</subfield>
    <subfield code="7">0</subfield>
    <subfield code="8">SE</subfield>
    <subfield code="a">BNPHU</subfield>
    <subfield code="b">BNPHU</subfield>
    <subfield code="d">2025-06-10</subfield>
    <subfield code="h">Volumen. N&#xFA;mero: 33, mayo-junio, 2021</subfield>
    <subfield code="l">0</subfield>
    <subfield code="p">2025-5029</subfield>
    <subfield code="r">2025-06-10</subfield>
    <subfield code="t">e.3</subfield>
    <subfield code="w">2025-06-10</subfield>
    <subfield code="y">ISSUE</subfield>
    <subfield code="z">Especial Madres.</subfield>
  </datafield>
  <datafield tag="952" ind1=" " ind2=" ">
    <subfield code="0">0</subfield>
    <subfield code="1">0</subfield>
    <subfield code="2">ddc</subfield>
    <subfield code="4">0</subfield>
    <subfield code="5">6</subfield>
    <subfield code="7">0</subfield>
    <subfield code="8">SE</subfield>
    <subfield code="a">BNPHU</subfield>
    <subfield code="b">BNPHU</subfield>
    <subfield code="d">2025-06-10</subfield>
    <subfield code="h">Volumen. N&#xFA;mero: 34, julio-agosto, 2021</subfield>
    <subfield code="l">0</subfield>
    <subfield code="p">2025-5031</subfield>
    <subfield code="r">2025-06-10</subfield>
    <subfield code="t">e.1</subfield>
    <subfield code="w">2025-06-10</subfield>
    <subfield code="y">ISSUE</subfield>
    <subfield code="z">P&#xE1;ginas cargadas de complicidad y armon&#xED;a. </subfield>
  </datafield>
  <datafield tag="952" ind1=" " ind2=" ">
    <subfield code="0">0</subfield>
    <subfield code="1">0</subfield>
    <subfield code="2">ddc</subfield>
    <subfield code="4">0</subfield>
    <subfield code="5">6</subfield>
    <subfield code="7">0</subfield>
    <subfield code="8">SE</subfield>
    <subfield code="a">BNPHU</subfield>
    <subfield code="b">BNPHU</subfield>
    <subfield code="d">2025-06-10</subfield>
    <subfield code="h">Volumen. N&#xFA;mero: 34, julio-agosto, 2021</subfield>
    <subfield code="l">0</subfield>
    <subfield code="p">2025-5032</subfield>
    <subfield code="r">2025-06-10</subfield>
    <subfield code="t">e.2</subfield>
    <subfield code="w">2025-06-10</subfield>
    <subfield code="y">ISSUE</subfield>
    <subfield code="z">P&#xE1;ginas cargadas de complicidad y armon&#xED;a. </subfield>
  </datafield>
  <datafield tag="952" ind1=" " ind2=" ">
    <subfield code="0">0</subfield>
    <subfield code="1">0</subfield>
    <subfield code="2">ddc</subfield>
    <subfield code="4">0</subfield>
    <subfield code="5">6</subfield>
    <subfield code="7">0</subfield>
    <subfield code="8">SE</subfield>
    <subfield code="a">BNPHU</subfield>
    <subfield code="b">BNPHU</subfield>
    <subfield code="d">2025-06-10</subfield>
    <subfield code="h">Volumen. N&#xFA;mero: 34, julio-agosto, 2021</subfield>
    <subfield code="l">0</subfield>
    <subfield code="p">2025-5033</subfield>
    <subfield code="r">2025-06-10</subfield>
    <subfield code="t">e.3</subfield>
    <subfield code="w">2025-06-10</subfield>
    <subfield code="y">ISSUE</subfield>
    <subfield code="z">P&#xE1;ginas cargadas de complicidad y armon&#xED;a. </subfield>
  </datafield>
  <datafield tag="952" ind1=" " ind2=" ">
    <subfield code="0">0</subfield>
    <subfield code="1">0</subfield>
    <subfield code="2">ddc</subfield>
    <subfield code="4">0</subfield>
    <subfield code="5">6</subfield>
    <subfield code="7">0</subfield>
    <subfield code="8">SE</subfield>
    <subfield code="a">BNPHU</subfield>
    <subfield code="b">BNPHU</subfield>
    <subfield code="d">2025-06-10</subfield>
    <subfield code="h">Volumen. N&#xFA;mero: 35, septiembre-octubre, 2021</subfield>
    <subfield code="l">0</subfield>
    <subfield code="p">2025-5034</subfield>
    <subfield code="r">2025-06-10</subfield>
    <subfield code="t">e.1</subfield>
    <subfield code="w">2025-06-10</subfield>
    <subfield code="y">ISSUE</subfield>
    <subfield code="z">Hablemos de c&#xE1;ncer de Mam&#xE1;.</subfield>
  </datafield>
  <datafield tag="952" ind1=" " ind2=" ">
    <subfield code="0">0</subfield>
    <subfield code="1">0</subfield>
    <subfield code="2">ddc</subfield>
    <subfield code="4">0</subfield>
    <subfield code="5">6</subfield>
    <subfield code="7">0</subfield>
    <subfield code="8">SE</subfield>
    <subfield code="a">BNPHU</subfield>
    <subfield code="b">BNPHU</subfield>
    <subfield code="d">2025-06-10</subfield>
    <subfield code="h">Volumen. N&#xFA;mero: 35, septiembre-octubre, 2021</subfield>
    <subfield code="l">0</subfield>
    <subfield code="p">2025-5035</subfield>
    <subfield code="r">2025-06-10</subfield>
    <subfield code="t">e.2</subfield>
    <subfield code="w">2025-06-10</subfield>
    <subfield code="y">ISSUE</subfield>
    <subfield code="z">Hablemos de c&#xE1;ncer de Mam&#xE1;.</subfield>
  </datafield>
  <datafield tag="952" ind1=" " ind2=" ">
    <subfield code="0">0</subfield>
    <subfield code="1">0</subfield>
    <subfield code="2">ddc</subfield>
    <subfield code="4">0</subfield>
    <subfield code="5">6</subfield>
    <subfield code="7">0</subfield>
    <subfield code="8">SE</subfield>
    <subfield code="a">BNPHU</subfield>
    <subfield code="b">BNPHU</subfield>
    <subfield code="d">2025-06-10</subfield>
    <subfield code="h">Volumen. N&#xFA;mero: 35, septiembre-octubre, 2021</subfield>
    <subfield code="l">0</subfield>
    <subfield code="p">2025-5036</subfield>
    <subfield code="r">2025-06-10</subfield>
    <subfield code="t">e.3</subfield>
    <subfield code="w">2025-06-10</subfield>
    <subfield code="y">ISSUE</subfield>
    <subfield code="z">Hablemos de c&#xE1;ncer de Mam&#xE1;.</subfield>
  </datafield>
  <datafield tag="952" ind1=" " ind2=" ">
    <subfield code="0">0</subfield>
    <subfield code="1">0</subfield>
    <subfield code="2">ddc</subfield>
    <subfield code="4">0</subfield>
    <subfield code="5">6</subfield>
    <subfield code="7">0</subfield>
    <subfield code="8">SE</subfield>
    <subfield code="a">BNPHU</subfield>
    <subfield code="b">BNPHU</subfield>
    <subfield code="d">2025-06-10</subfield>
    <subfield code="h">Volumen. N&#xFA;mero: 36, mayo-junio, 2022</subfield>
    <subfield code="l">0</subfield>
    <subfield code="p">2025-5037</subfield>
    <subfield code="r">2025-06-10</subfield>
    <subfield code="t">e.1</subfield>
    <subfield code="w">2025-06-10</subfield>
    <subfield code="y">ISSUE</subfield>
    <subfield code="z">El ingeniero presenta el proyecto inmobiliario m&#xE1;s innovador de San Francisco.</subfield>
  </datafield>
  <datafield tag="952" ind1=" " ind2=" ">
    <subfield code="0">0</subfield>
    <subfield code="1">0</subfield>
    <subfield code="2">ddc</subfield>
    <subfield code="4">0</subfield>
    <subfield code="5">6</subfield>
    <subfield code="7">0</subfield>
    <subfield code="8">SE</subfield>
    <subfield code="a">BNPHU</subfield>
    <subfield code="b">BNPHU</subfield>
    <subfield code="d">2025-06-10</subfield>
    <subfield code="h">Volumen. N&#xFA;mero: 36, mayo-junio, 2022</subfield>
    <subfield code="l">0</subfield>
    <subfield code="p">2025-5038</subfield>
    <subfield code="r">2025-06-10</subfield>
    <subfield code="t">e.2</subfield>
    <subfield code="w">2025-06-10</subfield>
    <subfield code="y">ISSUE</subfield>
    <subfield code="z">El ingeniero presenta el proyecto inmobiliario m&#xE1;s innovador de San Francisco.</subfield>
  </datafield>
  <datafield tag="952" ind1=" " ind2=" ">
    <subfield code="0">0</subfield>
    <subfield code="1">0</subfield>
    <subfield code="2">ddc</subfield>
    <subfield code="4">0</subfield>
    <subfield code="5">6</subfield>
    <subfield code="7">0</subfield>
    <subfield code="8">SE</subfield>
    <subfield code="a">BNPHU</subfield>
    <subfield code="b">BNPHU</subfield>
    <subfield code="d">2025-06-10</subfield>
    <subfield code="h">Volumen. N&#xFA;mero: 36, mayo-junio, 2022</subfield>
    <subfield code="l">0</subfield>
    <subfield code="p">2025-5039</subfield>
    <subfield code="r">2025-06-10</subfield>
    <subfield code="t">e.3</subfield>
    <subfield code="w">2025-06-10</subfield>
    <subfield code="y">ISSUE</subfield>
    <subfield code="z">El ingeniero presenta el proyecto inmobiliario m&#xE1;s innovador de San Francisco.</subfield>
  </datafield>
  <datafield tag="952" ind1=" " ind2=" ">
    <subfield code="0">0</subfield>
    <subfield code="1">0</subfield>
    <subfield code="2">ddc</subfield>
    <subfield code="4">0</subfield>
    <subfield code="5">6</subfield>
    <subfield code="7">0</subfield>
    <subfield code="8">SE</subfield>
    <subfield code="a">BNPHU</subfield>
    <subfield code="b">BNPHU</subfield>
    <subfield code="d">2025-06-10</subfield>
    <subfield code="h">Volumen. N&#xFA;mero: 37, julio-agosto, 2022</subfield>
    <subfield code="l">0</subfield>
    <subfield code="p">2025-5041</subfield>
    <subfield code="r">2025-06-10</subfield>
    <subfield code="t">e.1</subfield>
    <subfield code="w">2025-06-10</subfield>
    <subfield code="y">ISSUE</subfield>
    <subfield code="z">El presidente de inversiones D&#xED;az Mercado nos muestra su lado paternal.</subfield>
  </datafield>
  <datafield tag="952" ind1=" " ind2=" ">
    <subfield code="0">0</subfield>
    <subfield code="1">0</subfield>
    <subfield code="2">ddc</subfield>
    <subfield code="4">0</subfield>
    <subfield code="5">6</subfield>
    <subfield code="7">0</subfield>
    <subfield code="8">SE</subfield>
    <subfield code="a">BNPHU</subfield>
    <subfield code="b">BNPHU</subfield>
    <subfield code="d">2025-06-10</subfield>
    <subfield code="h">Volumen. N&#xFA;mero: 37, julio-agosto, 2022</subfield>
    <subfield code="l">0</subfield>
    <subfield code="p">2025-5042</subfield>
    <subfield code="r">2025-06-10</subfield>
    <subfield code="t">e.2</subfield>
    <subfield code="w">2025-06-10</subfield>
    <subfield code="y">ISSUE</subfield>
    <subfield code="z">El presidente de inversiones D&#xED;az Mercado nos muestra su lado paternal.</subfield>
  </datafield>
  <datafield tag="952" ind1=" " ind2=" ">
    <subfield code="0">0</subfield>
    <subfield code="1">0</subfield>
    <subfield code="2">ddc</subfield>
    <subfield code="4">0</subfield>
    <subfield code="5">6</subfield>
    <subfield code="7">0</subfield>
    <subfield code="8">SE</subfield>
    <subfield code="a">BNPHU</subfield>
    <subfield code="b">BNPHU</subfield>
    <subfield code="d">2025-06-10</subfield>
    <subfield code="h">Volumen. N&#xFA;mero: 38, septiembre-octubre, 2022</subfield>
    <subfield code="l">0</subfield>
    <subfield code="p">2025-5043</subfield>
    <subfield code="r">2025-06-10</subfield>
    <subfield code="t">e.1</subfield>
    <subfield code="w">2025-06-10</subfield>
    <subfield code="y">ISSUE</subfield>
    <subfield code="z">7mo. Aniversario.</subfield>
  </datafield>
  <datafield tag="952" ind1=" " ind2=" ">
    <subfield code="0">0</subfield>
    <subfield code="1">0</subfield>
    <subfield code="2">ddc</subfield>
    <subfield code="4">0</subfield>
    <subfield code="5">6</subfield>
    <subfield code="7">0</subfield>
    <subfield code="8">SE</subfield>
    <subfield code="a">BNPHU</subfield>
    <subfield code="b">BNPHU</subfield>
    <subfield code="d">2025-06-10</subfield>
    <subfield code="h">Volumen. N&#xFA;mero: 38, septiembre-octubre, 2022</subfield>
    <subfield code="l">0</subfield>
    <subfield code="p">2025-5044</subfield>
    <subfield code="r">2025-06-10</subfield>
    <subfield code="t">e.2</subfield>
    <subfield code="w">2025-06-10</subfield>
    <subfield code="y">ISSUE</subfield>
    <subfield code="z">7mo. Aniversario.</subfield>
  </datafield>
  <datafield tag="952" ind1=" " ind2=" ">
    <subfield code="0">0</subfield>
    <subfield code="1">0</subfield>
    <subfield code="2">ddc</subfield>
    <subfield code="4">0</subfield>
    <subfield code="5">6</subfield>
    <subfield code="7">0</subfield>
    <subfield code="8">SE</subfield>
    <subfield code="a">BNPHU</subfield>
    <subfield code="b">BNPHU</subfield>
    <subfield code="d">2025-06-10</subfield>
    <subfield code="h">Volumen. N&#xFA;mero: 38, septiembre-octubre, 2022</subfield>
    <subfield code="l">0</subfield>
    <subfield code="p">2025-5045</subfield>
    <subfield code="r">2025-06-10</subfield>
    <subfield code="t">e.3</subfield>
    <subfield code="w">2025-06-10</subfield>
    <subfield code="y">ISSUE</subfield>
    <subfield code="z">7mo. Aniversario.</subfield>
  </datafield>
  <datafield tag="952" ind1=" " ind2=" ">
    <subfield code="0">0</subfield>
    <subfield code="1">0</subfield>
    <subfield code="2">ddc</subfield>
    <subfield code="4">0</subfield>
    <subfield code="5">6</subfield>
    <subfield code="7">0</subfield>
    <subfield code="8">SE</subfield>
    <subfield code="a">BNPHU</subfield>
    <subfield code="b">BNPHU</subfield>
    <subfield code="d">2025-06-10</subfield>
    <subfield code="h">Volumen. N&#xFA;mero: 39, diciembre 2022-enero 2023</subfield>
    <subfield code="l">0</subfield>
    <subfield code="p">2025-5046</subfield>
    <subfield code="r">2025-06-10</subfield>
    <subfield code="t">e.1</subfield>
    <subfield code="w">2025-06-10</subfield>
    <subfield code="y">ISSUE</subfield>
    <subfield code="z">Mi trabajo es muy vers&#xE1;til y esa es su magia.  </subfield>
  </datafield>
  <datafield tag="952" ind1=" " ind2=" ">
    <subfield code="0">0</subfield>
    <subfield code="1">0</subfield>
    <subfield code="2">ddc</subfield>
    <subfield code="4">0</subfield>
    <subfield code="5">6</subfield>
    <subfield code="7">0</subfield>
    <subfield code="8">SE</subfield>
    <subfield code="a">BNPHU</subfield>
    <subfield code="b">BNPHU</subfield>
    <subfield code="d">2025-06-10</subfield>
    <subfield code="h">Volumen. N&#xFA;mero: 39, diciembre 2022-enero 2023</subfield>
    <subfield code="l">0</subfield>
    <subfield code="p">2025-5047</subfield>
    <subfield code="r">2025-06-10</subfield>
    <subfield code="t">e.2</subfield>
    <subfield code="w">2025-06-10</subfield>
    <subfield code="y">ISSUE</subfield>
    <subfield code="z">Mi trabajo es muy vers&#xE1;til y esa es su magia.  </subfield>
  </datafield>
  <datafield tag="952" ind1=" " ind2=" ">
    <subfield code="0">0</subfield>
    <subfield code="1">0</subfield>
    <subfield code="2">ddc</subfield>
    <subfield code="4">0</subfield>
    <subfield code="5">6</subfield>
    <subfield code="7">0</subfield>
    <subfield code="8">SE</subfield>
    <subfield code="a">BNPHU</subfield>
    <subfield code="b">BNPHU</subfield>
    <subfield code="d">2025-06-10</subfield>
    <subfield code="h">Volumen. N&#xFA;mero: 39, diciembre 2022-enero 2023</subfield>
    <subfield code="l">0</subfield>
    <subfield code="p">2025-5048</subfield>
    <subfield code="r">2025-06-10</subfield>
    <subfield code="t">e.3</subfield>
    <subfield code="w">2025-06-10</subfield>
    <subfield code="y">ISSUE</subfield>
    <subfield code="z">Mi trabajo es muy vers&#xE1;til y esa es su magia.  </subfield>
  </datafield>
  <datafield tag="952" ind1=" " ind2=" ">
    <subfield code="0">0</subfield>
    <subfield code="1">0</subfield>
    <subfield code="2">ddc</subfield>
    <subfield code="4">0</subfield>
    <subfield code="5">6</subfield>
    <subfield code="7">0</subfield>
    <subfield code="8">SE</subfield>
    <subfield code="a">BNPHU</subfield>
    <subfield code="b">BNPHU</subfield>
    <subfield code="d">2025-06-10</subfield>
    <subfield code="h">Volumen. N&#xFA;mero: 40, marzo-abril 2023</subfield>
    <subfield code="l">0</subfield>
    <subfield code="p">2025-5049</subfield>
    <subfield code="r">2025-06-10</subfield>
    <subfield code="t">e.1</subfield>
    <subfield code="w">2025-06-10</subfield>
    <subfield code="y">ISSUE</subfield>
    <subfield code="z">&#xC9;xito con esencia de Mujer.</subfield>
  </datafield>
  <datafield tag="952" ind1=" " ind2=" ">
    <subfield code="0">0</subfield>
    <subfield code="1">0</subfield>
    <subfield code="2">ddc</subfield>
    <subfield code="4">0</subfield>
    <subfield code="5">6</subfield>
    <subfield code="7">0</subfield>
    <subfield code="8">SE</subfield>
    <subfield code="a">BNPHU</subfield>
    <subfield code="b">BNPHU</subfield>
    <subfield code="d">2025-06-10</subfield>
    <subfield code="h">Volumen. N&#xFA;mero: 40, marzo-abril 2023</subfield>
    <subfield code="l">0</subfield>
    <subfield code="p">2025-5050</subfield>
    <subfield code="r">2025-06-10</subfield>
    <subfield code="t">e.2</subfield>
    <subfield code="w">2025-06-10</subfield>
    <subfield code="y">ISSUE</subfield>
    <subfield code="z">&#xC9;xito con esencia de Mujer.</subfield>
  </datafield>
  <datafield tag="952" ind1=" " ind2=" ">
    <subfield code="0">0</subfield>
    <subfield code="1">0</subfield>
    <subfield code="2">ddc</subfield>
    <subfield code="4">0</subfield>
    <subfield code="5">6</subfield>
    <subfield code="7">0</subfield>
    <subfield code="8">SE</subfield>
    <subfield code="a">BNPHU</subfield>
    <subfield code="b">BNPHU</subfield>
    <subfield code="d">2025-06-10</subfield>
    <subfield code="h">Volumen. N&#xFA;mero: 40, marzo-abril 2023</subfield>
    <subfield code="l">0</subfield>
    <subfield code="p">2025-5051</subfield>
    <subfield code="r">2025-06-10</subfield>
    <subfield code="t">e.3</subfield>
    <subfield code="w">2025-06-10</subfield>
    <subfield code="y">ISSUE</subfield>
    <subfield code="z">&#xC9;xito con esencia de Mujer.</subfield>
  </datafield>
  <datafield tag="952" ind1=" " ind2=" ">
    <subfield code="0">0</subfield>
    <subfield code="1">0</subfield>
    <subfield code="2">ddc</subfield>
    <subfield code="4">0</subfield>
    <subfield code="5">6</subfield>
    <subfield code="7">0</subfield>
    <subfield code="8">SE</subfield>
    <subfield code="a">BNPHU</subfield>
    <subfield code="b">BNPHU</subfield>
    <subfield code="d">2025-06-10</subfield>
    <subfield code="h">Volumen. N&#xFA;mero: 41, mayo-junio 2023</subfield>
    <subfield code="l">0</subfield>
    <subfield code="p">2025-5052</subfield>
    <subfield code="r">2025-06-10</subfield>
    <subfield code="t">e.1</subfield>
    <subfield code="w">2025-06-10</subfield>
    <subfield code="y">ISSUE</subfield>
    <subfield code="z">El lado maternal de la gobernadora provincial Duarte.</subfield>
  </datafield>
  <datafield tag="952" ind1=" " ind2=" ">
    <subfield code="0">0</subfield>
    <subfield code="1">0</subfield>
    <subfield code="2">ddc</subfield>
    <subfield code="4">0</subfield>
    <subfield code="5">6</subfield>
    <subfield code="7">0</subfield>
    <subfield code="8">SE</subfield>
    <subfield code="a">BNPHU</subfield>
    <subfield code="b">BNPHU</subfield>
    <subfield code="d">2025-06-10</subfield>
    <subfield code="h">Volumen. N&#xFA;mero: 41, mayo-junio 2023</subfield>
    <subfield code="l">0</subfield>
    <subfield code="p">2025-5054</subfield>
    <subfield code="r">2025-06-10</subfield>
    <subfield code="t">e.2</subfield>
    <subfield code="w">2025-06-10</subfield>
    <subfield code="y">ISSUE</subfield>
    <subfield code="z">El lado maternal de la gobernadora provincial Duarte.</subfield>
  </datafield>
  <datafield tag="952" ind1=" " ind2=" ">
    <subfield code="0">0</subfield>
    <subfield code="1">0</subfield>
    <subfield code="2">ddc</subfield>
    <subfield code="4">0</subfield>
    <subfield code="5">6</subfield>
    <subfield code="7">0</subfield>
    <subfield code="8">SE</subfield>
    <subfield code="a">BNPHU</subfield>
    <subfield code="b">BNPHU</subfield>
    <subfield code="d">2025-06-10</subfield>
    <subfield code="h">Volumen. N&#xFA;mero: 43, enero-febrero 2024</subfield>
    <subfield code="l">0</subfield>
    <subfield code="p">2025-5055</subfield>
    <subfield code="r">2025-06-10</subfield>
    <subfield code="t">e.1</subfield>
    <subfield code="w">2025-06-10</subfield>
    <subfield code="y">ISSUE</subfield>
    <subfield code="z">Nieves Marte, pretendo hacer lo que amo siempre.</subfield>
  </datafield>
  <datafield tag="952" ind1=" " ind2=" ">
    <subfield code="0">0</subfield>
    <subfield code="1">0</subfield>
    <subfield code="2">ddc</subfield>
    <subfield code="4">0</subfield>
    <subfield code="5">6</subfield>
    <subfield code="7">0</subfield>
    <subfield code="8">SE</subfield>
    <subfield code="a">BNPHU</subfield>
    <subfield code="b">BNPHU</subfield>
    <subfield code="d">2025-06-10</subfield>
    <subfield code="h">Volumen. N&#xFA;mero: 43, enero-febrero 2024</subfield>
    <subfield code="l">0</subfield>
    <subfield code="p">2025-5056</subfield>
    <subfield code="r">2025-06-10</subfield>
    <subfield code="t">e.2</subfield>
    <subfield code="w">2025-06-10</subfield>
    <subfield code="y">ISSUE</subfield>
    <subfield code="z">Nieves Marte, pretendo hacer lo que amo siempre.</subfield>
  </datafield>
  <datafield tag="952" ind1=" " ind2=" ">
    <subfield code="0">0</subfield>
    <subfield code="1">0</subfield>
    <subfield code="2">ddc</subfield>
    <subfield code="4">0</subfield>
    <subfield code="5">6</subfield>
    <subfield code="7">0</subfield>
    <subfield code="8">SE</subfield>
    <subfield code="a">BNPHU</subfield>
    <subfield code="b">BNPHU</subfield>
    <subfield code="d">2025-06-10</subfield>
    <subfield code="h">Volumen. N&#xFA;mero: 44, julio-agosto 2024</subfield>
    <subfield code="l">0</subfield>
    <subfield code="p">2025-5057</subfield>
    <subfield code="r">2025-06-10</subfield>
    <subfield code="t">e.1</subfield>
    <subfield code="w">2025-06-10</subfield>
    <subfield code="y">ISSUE</subfield>
    <subfield code="z">Vicente Hern&#xE1;ndez, convertirme en padre ha sido la mayor bendici&#xF3;n y el cambio m&#xE1;s significativo en mi vida.</subfield>
  </datafield>
  <datafield tag="952" ind1=" " ind2=" ">
    <subfield code="0">0</subfield>
    <subfield code="1">0</subfield>
    <subfield code="2">ddc</subfield>
    <subfield code="4">0</subfield>
    <subfield code="5">6</subfield>
    <subfield code="7">0</subfield>
    <subfield code="8">SE</subfield>
    <subfield code="a">BNPHU</subfield>
    <subfield code="b">BNPHU</subfield>
    <subfield code="d">2025-06-10</subfield>
    <subfield code="h">Volumen. N&#xFA;mero: 44, julio-agosto 2024</subfield>
    <subfield code="l">0</subfield>
    <subfield code="p">2025-5058</subfield>
    <subfield code="r">2025-06-10</subfield>
    <subfield code="t">e.2</subfield>
    <subfield code="w">2025-06-10</subfield>
    <subfield code="y">ISSUE</subfield>
    <subfield code="z">Vicente Hern&#xE1;ndez, convertirme en padre ha sido la mayor bendici&#xF3;n y el cambio m&#xE1;s significativo en mi vida.</subfield>
  </datafield>
  <datafield tag="952" ind1=" " ind2=" ">
    <subfield code="0">0</subfield>
    <subfield code="1">0</subfield>
    <subfield code="2">ddc</subfield>
    <subfield code="4">0</subfield>
    <subfield code="5">6</subfield>
    <subfield code="7">0</subfield>
    <subfield code="8">SE</subfield>
    <subfield code="a">BNPHU</subfield>
    <subfield code="b">BNPHU</subfield>
    <subfield code="d">2025-06-10</subfield>
    <subfield code="h">Volumen. N&#xFA;mero: 44, julio-agosto 2024</subfield>
    <subfield code="l">0</subfield>
    <subfield code="p">2025-5059</subfield>
    <subfield code="r">2025-06-10</subfield>
    <subfield code="t">e.3</subfield>
    <subfield code="w">2025-06-10</subfield>
    <subfield code="y">ISSUE</subfield>
    <subfield code="z">Vicente Hern&#xE1;ndez, convertirme en padre ha sido la mayor bendici&#xF3;n y el cambio m&#xE1;s significativo en mi vida.</subfield>
  </datafield>
  <datafield tag="952" ind1=" " ind2=" ">
    <subfield code="0">0</subfield>
    <subfield code="1">0</subfield>
    <subfield code="2">ddc</subfield>
    <subfield code="4">0</subfield>
    <subfield code="5">6</subfield>
    <subfield code="7">0</subfield>
    <subfield code="8">SE</subfield>
    <subfield code="a">BNPHU</subfield>
    <subfield code="b">BNPHU</subfield>
    <subfield code="d">2025-06-10</subfield>
    <subfield code="h">Volumen. N&#xFA;mero: 45, enero-febrero 2025</subfield>
    <subfield code="l">0</subfield>
    <subfield code="p">2025-5060</subfield>
    <subfield code="r">2025-06-10</subfield>
    <subfield code="t">e.1</subfield>
    <subfield code="w">2025-06-10</subfield>
    <subfield code="y">ISSUE</subfield>
    <subfield code="z">De la imaginaci&#xF3;n a la perfecci&#xF3;n: las expertas que redefinir&#xE1;n tus eventos este 2025.</subfield>
  </datafield>
  <datafield tag="952" ind1=" " ind2=" ">
    <subfield code="0">0</subfield>
    <subfield code="1">0</subfield>
    <subfield code="2">ddc</subfield>
    <subfield code="4">0</subfield>
    <subfield code="5">6</subfield>
    <subfield code="7">0</subfield>
    <subfield code="8">SE</subfield>
    <subfield code="a">BNPHU</subfield>
    <subfield code="b">BNPHU</subfield>
    <subfield code="d">2025-06-10</subfield>
    <subfield code="h">Volumen. N&#xFA;mero: 45, enero-febrero 2025</subfield>
    <subfield code="l">0</subfield>
    <subfield code="p">2025-5061</subfield>
    <subfield code="r">2025-06-10</subfield>
    <subfield code="t">e.2</subfield>
    <subfield code="w">2025-06-10</subfield>
    <subfield code="y">ISSUE</subfield>
    <subfield code="z">De la imaginaci&#xF3;n a la perfecci&#xF3;n: las expertas que redefinir&#xE1;n tus eventos este 2025.</subfield>
  </datafield>
  <datafield tag="952" ind1=" " ind2=" ">
    <subfield code="0">0</subfield>
    <subfield code="1">0</subfield>
    <subfield code="2">ddc</subfield>
    <subfield code="4">0</subfield>
    <subfield code="5">6</subfield>
    <subfield code="7">0</subfield>
    <subfield code="8">SE</subfield>
    <subfield code="a">BNPHU</subfield>
    <subfield code="b">BNPHU</subfield>
    <subfield code="d">2025-06-10</subfield>
    <subfield code="h">Volumen. N&#xFA;mero: 46, marzo-abril, 2025</subfield>
    <subfield code="l">0</subfield>
    <subfield code="p">2025-5062</subfield>
    <subfield code="r">2025-06-10</subfield>
    <subfield code="t">e.1</subfield>
    <subfield code="w">2025-06-10</subfield>
    <subfield code="y">ISSUE</subfield>
    <subfield code="z">Liderazgo femenino en la justicia.</subfield>
  </datafield>
  <datafield tag="952" ind1=" " ind2=" ">
    <subfield code="0">0</subfield>
    <subfield code="1">0</subfield>
    <subfield code="2">ddc</subfield>
    <subfield code="4">0</subfield>
    <subfield code="5">6</subfield>
    <subfield code="7">0</subfield>
    <subfield code="8">SE</subfield>
    <subfield code="a">BNPHU</subfield>
    <subfield code="b">BNPHU</subfield>
    <subfield code="d">2025-06-10</subfield>
    <subfield code="h">Volumen. N&#xFA;mero: 46, marzo-abril, 2025</subfield>
    <subfield code="l">0</subfield>
    <subfield code="p">2025-5063</subfield>
    <subfield code="r">2025-06-10</subfield>
    <subfield code="t">e.2</subfield>
    <subfield code="w">2025-06-10</subfield>
    <subfield code="y">ISSUE</subfield>
    <subfield code="z">Liderazgo femenino en la justicia.</subfield>
  </datafield>
  <datafield tag="952" ind1=" " ind2=" ">
    <subfield code="0">0</subfield>
    <subfield code="1">0</subfield>
    <subfield code="2">ddc</subfield>
    <subfield code="4">0</subfield>
    <subfield code="5">6</subfield>
    <subfield code="7">0</subfield>
    <subfield code="8">SE</subfield>
    <subfield code="a">BNPHU</subfield>
    <subfield code="b">BNPHU</subfield>
    <subfield code="d">2025-06-10</subfield>
    <subfield code="h">Volumen. N&#xFA;mero: 46, marzo-abril, 2025</subfield>
    <subfield code="l">0</subfield>
    <subfield code="p">2025-5064</subfield>
    <subfield code="r">2025-06-10</subfield>
    <subfield code="t">e.3</subfield>
    <subfield code="w">2025-06-10</subfield>
    <subfield code="y">ISSUE</subfield>
    <subfield code="z">Liderazgo femenino en la justicia.</subfield>
  </datafield>
  <datafield tag="952" ind1=" " ind2=" ">
    <subfield code="0">0</subfield>
    <subfield code="1">0</subfield>
    <subfield code="2">ddc</subfield>
    <subfield code="4">0</subfield>
    <subfield code="5">6</subfield>
    <subfield code="7">0</subfield>
    <subfield code="8">SE</subfield>
    <subfield code="a">BNPHU</subfield>
    <subfield code="b">BNPHU</subfield>
    <subfield code="d">2025-11-13</subfield>
    <subfield code="h">Volumen. N&#xFA;mero: 47, julio-agosto, 2025</subfield>
    <subfield code="l">0</subfield>
    <subfield code="p">2025-13053</subfield>
    <subfield code="r">2025-11-13</subfield>
    <subfield code="t">e.1</subfield>
    <subfield code="w">2025-11-13</subfield>
    <subfield code="y">ISSUE</subfield>
    <subfield code="z">Minerva Herrera: la fe convertida en empresa y el amor en legado.</subfield>
  </datafield>
  <datafield tag="952" ind1=" " ind2=" ">
    <subfield code="0">0</subfield>
    <subfield code="1">0</subfield>
    <subfield code="2">ddc</subfield>
    <subfield code="4">0</subfield>
    <subfield code="5">6</subfield>
    <subfield code="7">0</subfield>
    <subfield code="8">SE</subfield>
    <subfield code="a">BNPHU</subfield>
    <subfield code="b">BNPHU</subfield>
    <subfield code="d">2025-11-13</subfield>
    <subfield code="h">Volumen. N&#xFA;mero: 47, julio-agosto, 2025</subfield>
    <subfield code="l">0</subfield>
    <subfield code="p">2025-13054</subfield>
    <subfield code="r">2025-11-13</subfield>
    <subfield code="t">e.2</subfield>
    <subfield code="w">2025-11-13</subfield>
    <subfield code="y">ISSUE</subfield>
    <subfield code="z">Minerva Herrera: la fe convertida en empresa y el amor en legado.</subfield>
  </datafield>
  <datafield tag="952" ind1=" " ind2=" ">
    <subfield code="0">0</subfield>
    <subfield code="1">0</subfield>
    <subfield code="2">ddc</subfield>
    <subfield code="4">0</subfield>
    <subfield code="5">6</subfield>
    <subfield code="7">0</subfield>
    <subfield code="8">SE</subfield>
    <subfield code="a">BNPHU</subfield>
    <subfield code="b">BNPHU</subfield>
    <subfield code="d">2025-11-13</subfield>
    <subfield code="h">Volumen. N&#xFA;mero: 47, julio-agosto, 2025</subfield>
    <subfield code="l">0</subfield>
    <subfield code="p">2025-13055</subfield>
    <subfield code="r">2025-11-13</subfield>
    <subfield code="t">e.3</subfield>
    <subfield code="w">2025-11-13</subfield>
    <subfield code="y">ISSUE</subfield>
    <subfield code="z">Minerva Herrera: la fe convertida en empresa y el amor en legado.</subfield>
  </datafield>
  <datafield tag="999" ind1=" " ind2=" ">
    <subfield code="c">59205</subfield>
    <subfield code="d">59205</subfield>
  </datafield>
</record>
